000 00797nam a22002177a 4500
003 OSt
005 20260312010917.0
008 260310b |||||||| |||| 00| 0 eng d
020 _a971-91677-4-2.
040 _aDWCL Main lib
_cOC
082 _22000 ed.
_aFil. 621.319 In59p 2002
100 _aInstitute Of Integrated Electrical Engineers Of the Philippines, Inc.
245 _aPhilippine electrical code part 1 volume II
_cInstitute Of Integrated Electrical Engineers Of the Philippines, Inc.
250 _a2000 ed.
260 _aQuezon City :
_bCOR-ASIA, Inc.,
_cc2002.
300 _avii, 242 p. :
_bill. ;
_c21 cm.
504 _aIncludes index.
650 _a1. Electric wiring-Philippines.
650 _a2. Electrical engineering-Philippines.
942 _2ddc
_cBK - FIL
_e2000 ed.
_kFil.
_n0
999 _c8833
_d8833